000 00722nam a2200205 4500
001 148319
003 ES-MaACL
005 20230906202544.0
007 t|
008 070214s1972 sp r ||||1| spa d
100 1 _aStoutemyer, David R.
_9108345
245 1 0 _aPL/I, programación para ciencia e ingeniería /
_cDavid R. Stoutemyer ; traducción y adaptación, Adolfo di Marco.
260 _aMadrid :
_bPrentice-Hall,
_c[1972]
300 _aXIX, 366 p. :
_bil. ;
_c24 cm.
650 4 _aCiencias-
_vProgramas de ordenador.
_9172504
650 4 _aIngeniería-
_vProgramas de ordenador.
_9172506
650 4 _aPL/I (Lenguaje de programación)
_9172505
700 1 _aDi Marco, Adolfo.
_944080
852 _aES-MaACL
_jE-7531
999 _c148319
_d148319